书目信息 |
| 题名: |
旧建筑空间的改造和再生
|
|
| 作者: | 刘光亚 , 鲁岗 主编 | |
| 分册: | 1 | |
| 出版信息: | 北京 中国建筑工业出版社 2006.08 |
|
| 页数: | 109页 | |
| 开本: | 25×26cm | |
| 丛书名: | 新建筑设计丛书 | |
| 单 册: | ||
| 中图分类: | TU746.3 | |
| 科图分类: | ||
| 主题词: | 民用建筑--min yong jian zhu--室内设计--中国--现代 , 建筑物--jian zhu wu--改建--中国--现代 | |
| 电子资源: | ||
| ISBN: | 7-112-08358-3 | |
| 000 | 01003nam 2200265 450 | |
| 001 | 012007975993 | |
| 005 | 20070920152409.01 | |
| 010 | @a7-112-08358-3@dCNY80.00 | |
| 100 | @a20070818d2006 km y0chiy0120 ea | |
| 101 | 0 | @achi |
| 102 | @aCN@b110000 | |
| 105 | @aa z 000yy | |
| 200 | 1 | @a旧建筑空间的改造和再生@Ajiu jian zhu kong jian de gai zao he zai sheng@h1@f刘光亚, 鲁岗主编@Fliu guang ya,lu gang zhu bian |
| 210 | @a北京@c中国建筑工业出版社@d2006.08 | |
| 215 | @a109页@c图 (部分彩图)@d25×26cm | |
| 225 | 2 | @a新建筑设计丛书@Axin jian zhu she ji cong shu |
| 330 | @a本书集聚了近年来北京市建筑保护、改造和利用的精选案例。包括:远洋艺术中心、苹果社区售楼处、798公社、旧藏酷餐厅等。 | |
| 410 | 0 | @12001 @a新建筑设计丛书 |
| 606 | 0 | @a民用建筑@Amin yong jian zhu@x室内设计@y中国@z现代 |
| 606 | 0 | @a建筑物@Ajian zhu wu@x改建@y中国@z现代 |
| 690 | @aTU746.3@v4 | |
| 701 | 0 | @a刘光亚@Aliu guang ya@4主编 |
| 701 | 0 | @a鲁岗@Alu gang@4主编 |
| 801 | 0 | @aCN@c20070920 |
| 905 | @dTU746.3@eL618:1 | |
| 旧建筑空间的改造和再生.1/刘光亚, 鲁岗主编.-北京:中国建筑工业出版社,2006.08 |
| 109页:图 (部分彩图);25×26cm.-(新建筑设计丛书) |
| ISBN 7-112-08358-3:CNY80.00 |
| 本书集聚了近年来北京市建筑保护、改造和利用的精选案例。包括:远洋艺术中心、苹果社区售楼处、798公社、旧藏酷餐厅等。 |
| ● |
| 相关链接 |
|
|
|
正题名:旧建筑空间的改造和再生
索取号:TU746.3/L618:1
 
预约/预借
| 序号 | 登录号 | 条形码 | 馆藏地/架位号 | 状态 | 备注 |
| 1 | 260777 | 202607777 | 建筑库201/201建筑库 41排2列4层/ [索取号:TU746.3/L618:1] | 在馆 | |
| 2 | 260778 | 202607786 | 建筑库201/201建筑库 41排2列4层/ [索取号:TU746.3/L618:1] | 在馆 |